| 000 | 01301nab a22002537a 4500 | ||
|---|---|---|---|
| 999 |
_c6048 _d6048 |
||
| 003 | OSt | ||
| 005 | 20260118221739.0 | ||
| 008 | 190605e xxu||||| |||| 00| 0 spa d | ||
| 040 | _cPJ | ||
| 100 |
_96836 _aRosato, Antonella Alejandra |
||
| 245 | 1 | 0 |
_aAnálisis del art. 12 de la Ley de Riesgos del Trabajo. Un recorrido crítico de su evolución y aplicación / _cAntonella Alejandra Rosato. |
| 260 |
_aCiudad Autónoma de Buenos Aires : _bThomson Reuters La Ley, _c2025. |
||
| 300 | _ap. 224-234 | ||
| 500 | _aCita: TR LALEY AR/DOC/1541/2025. | ||
| 505 | _aSumario: I. Introducción.— II. Antecedentes normativos.— III. El principio protectorio. Deudas de dinero o deudas de valor.— IV. Dec. 669/2019 y el intento de remediar el pasado.— V. Cálculo del IBM.— VI. Conclusión. | ||
| 505 | _t¿Te interesa el texto completo? Solicitalo al correo: koha@justierradelfuego.gov.ar | ||
| 650 | 0 |
_91316 _aDERECHO LABORAL |
|
| 650 | 0 |
_91482 _aLEY SOBRE RIESGOS DEL TRABAJO |
|
| 650 | 0 |
_91406 _aINCAPACIDAD LABORAL |
|
| 650 | 0 |
_aASEGURADOR POR RIESGOS DEL TRABAJO _95144 |
|
| 650 | 0 |
_aACCIDENTES DE TRABAJO _91417 |
|
| 773 | 0 |
_02711 _93168 _dCiudad Autónoma de Buenos Aires : Thomson Reuters La Ley, 1999-2002. _tRevista de derecho del trabajo. Nº 6 - Noviembre 2025 |
|
| 942 |
_2udc _cANA |
||